Statistics for Random North American Geography

Click here to take the quiz!

General Stats

  • This quiz has been taken 16 times
  • The average score is 13 of 15

Answer Stats

QuestionAnswer% Correct
What is the largest Caribbean Island Country?Cuba
100%
What country outside of North America, owns the island territory of Greenland?Denmark
100%
What is the only Central American nation to not have coastline on the Caribbean Sea?El Salvador
100%
What is the capital of Guatemala?Guatemala City
100%
What region of the United States is home to Massachusetts, Maine, Vermont, and more?New England
100%
In what country is the Labrador peninsula located in?Canada
93%
What is the tallest mountain in the United States?Mt. Denali
93%
What is the capital of the Dominican Republic?Santo Domingo
93%
What is the closest foreign nation to Florida?The Bahamas
93%
On what peninsula are Cancun and Merida located on?Yucatan
93%
What is the only Canadian territory to border Alaska?Yukon
87%
What is the capital of Alberta?Edmonton
80%
What is the Northernmost territory in Canada?Nunavut
80%
What region of the U.S. and Canada holds British Colombia, Oregon, and WashingtonCascadia
47%
What region of the Caribbean are Cuba, Haiti, Jamaica, and more in?Greater Antilles
47%

Score Distribution

Percentile by Number Answered

Percent of People with Each Score

Your Score History

You have not taken this quiz